Statistics for Middle Eastern Cities A-Z

Click here to take the quiz!

General Stats

  • This quiz has been taken 161 times
  • The average score is 15 of 23

Answer Stats

HintAnswer% Correct
BCapital of LebanonBeirut
98%
TCapital of IranTehran
97%
IConstantinople, ByzantiumIstanbul
93%
DMain host city of 2022 World CupDoha
91%
NCity of the childhood of JesusNazareth
91%
RLargest city in the Arabian DesertRiyadh
90%
ABiggest city of SyriaAleppo
88%
JCity of Mount ZionJerusalem
88%
MCapital of OmanMuscat
88%
GCity controlled by HamasGaza
87%
CSite of the Tahrir Square protestsCairo
84%
PAncient city in JordanPetra
82%
KMost populous city on coasts
of the Persian Gulf
Kuwait City
77%
FSite of two decisive US-Iraqi
battles near Baghdad
Fallujah
59%
QReligious capital of IranQom
55%
LLargest Cypriot portLimassol
47%
HHome of Bahá'í World CentreHaifa
39%
SThird-biggest city of the UAESharjah
38%
VCities named with the namesake
of Middle East's two largest lakes
Van
27%
ETurkish city that means "old city"Eskişehir
19%
YHoliest city in ZoroastrianismYazd
15%
UCities named with the namesake
of Middle East's two largest lakes
Urmia
13%
ZCapital of the Iranian province of
Sistan and Baluchestan
Zahedan
9%

Score Distribution

Percentile by Number Answered

Percent of People with Each Score

Your Score History

You have not taken this quiz